U2 Song - Sudden Death - Statistics

General Stats
  • This quiz has been taken 91 times
  • The average score is 7 of 10
Answers on the Grid
Answers color-coded by a green-red scale on the quiz's grid according to % correct below.
Acrobat
Beautiful Day
Beyond the Silver Highway
Burning Through the Nightfall
City Without Shadows
Desert Moon Rising
Distant Hearts Colliding
Echoes on the Horizon
Electrical Storm
Ghosts of the New World
Heartbreak Skyline
Into the Golden Silence
Light Over the Ocean
Morning Light Parade
Neon Crossroads Dreaming
Northern Skies Calling
One
Red City Afterglow
Red Hill Mining Town
Silent Streets of Fire
Skyline of Broken Stars
Sunday Bloody Sunday
The Fly
The Sound of Tomorrow
Vertigo
Voices from the Floodlights
Walk Into the Blue
Where the Streets Have No Name
Wings of the Empty Road
With or Without You
 
Answer Stats
Answer % Correct
Beautiful Day
95%
With or Without You
91%
One
88%
Sunday Bloody Sunday
84%
Where the Streets Have No Name
81%
Vertigo
76%
The Fly
53%
Red Hill Mining Town
45%
Acrobat
42%
Electrical Storm
39%
No matching quizzes found
Score Distribution
Percent of People with Each Score
Percentile by Number Answered
Your Score History
You have not taken this quiz